Cung văn và Điện Thần
Trình bày về a lầu bóng từ 1986 đến 1989; Âm nhạc chầu văn; lời văn; Quan hệ văn và nhạc; Nghi lễ diện thần và âm nhạc; Cộng bố tư liệu nhạc chầu văn,văn thầy kiêm nữ thần.
Đã lưu trong:
| Tác giả chính: | |
|---|---|
| Định dạng: | Sách |
| Năm xuất bản: |
H.:
Khoa học xã hội,
2015
|
| Chủ đề: | |
| Tags: |
Thêm thẻ
Không có thẻ, Hãy là người đầu tiên gắn thẻ bản ghi này!
|
| LEADER | 00742nam a2200145 4500 | ||
|---|---|---|---|
| 082 | |a 398.41 |b L250Y | ||
| 100 | |a Lê Y Linh | ||
| 245 | |a Cung văn và Điện Thần |c Lê Y Linh | ||
| 260 | |a H.: |b Khoa học xã hội, |c 2015 | ||
| 300 | |a 655tr.; |b + 1 đĩa CD |c 21cm. | ||
| 520 | |a Trình bày về a lầu bóng từ 1986 đến 1989; Âm nhạc chầu văn; lời văn; Quan hệ văn và nhạc; Nghi lễ diện thần và âm nhạc; Cộng bố tư liệu nhạc chầu văn,văn thầy kiêm nữ thần. | ||
| 653 | |a Tín ngưỡng dân gian-Việt Nam | ||
| 942 | |2 ddc |c SH | ||
| 999 | |c 11509 |d 11509 | ||
| 952 | |0 0 |1 0 |2 ddc |4 0 |6 398_410000000000000_L250Y |7 0 |8 300 |9 98727 |a qbu |b qbu |c D2 |d 2015-11-13 |g 120000 |o 398.41 L250Y |p 11100.c1 |r 0000-00-00 |w 2015-11-13 |y SH | ||